[Event "Madrid ch Veteranos 2010-2011"]
[Site "Madrid ESP"]
[Date "2011.02.11"]
[Round "5.10"]
[White "Garcia Esteban, Ignacio"]
[Black "Ortega Morales, Pedro"]
[Result "0-1"]
[WhiteElo "2024"]
[BlackElo "1819"]
[PlyCount "94"]
[EventDate "2011.02.07"]
[EventType "swiss"]
[EventRounds "9"]
[EventCountry "ESP"]
[Source "lmi"]
[SourceDate "2011.02.07"]

1. e4 e5 2. Nf3 Nc6 3. Bb5 Nf6 4. d3 Bc5 5. O-O d6 6. h3 O-O 7. Nc3 a6 8. Ba4
b5 9. Bb3 Na5 10. Bg5 c6 11. d4 exd4 12. Nxd4 Bxd4 13. Qxd4 c5 14. Bxf6 gxf6
15. Qe3 c4 16. Nd5 Be6 17. Rad1 Kh8 18. Qh6 Bxd5 19. Rxd5 Rg8 20. Rh5 Rg7 21.
Rd1 Nc6 22. c3 cxb3 23. axb3 Ne5 24. Kh1 Qe7 25. Qe3 Rag8 26. g3 Re8 27. Rd4
Nc6 28. Rdd5 Qxe4+ 29. Qxe4 Rxe4 30. Rxd6 Re6 31. Rd3 Rg5 32. Rh4 Kg7 33. Rf4
Kg6 34. Kg2 h5 35. b4 Rge5 36. g4 hxg4 37. Rg3 Rf5 38. Rfxg4+ Rg5 39. Kf1 Rxg4
40. Rxg4+ Kf5 41. Rh4 Ke5 42. Rh7 Re7 43. Rh8 Kf4 44. Rh6 Re6 45. Rh4+ Kg5 46.
Rh8 Kg6 47. h4 Kf5 0-1

[Event "Madrid ch Veteranos 2010-2011"]
[Site "Madrid ESP"]
[Date "2011.02.14"]
[Round "6.1"]
[White "Ortiz Herranz, Eleazar"]
[Black "Estrada Martinez, Cesar"]
[Result "1-0"]
[WhiteElo "2243"]
[BlackElo "2167"]
[PlyCount "83"]
[EventDate "2011.02.07"]
[EventType "swiss"]
[EventRounds "9"]
[EventCountry "ESP"]
[Source "lmi"]
[SourceDate "2011.02.07"]

1. Nf3 d5 2. g3 g6 3. Bg2 Bg7 4. d4 Nf6 5. c4 c6 6. Nc3 O-O 7. Ne5 Nbd7 8. f4
dxc4 9. Nxc4 Nb6 10. Ne5 Nfd5 11. e4 Nxc3 12. bxc3 Be6 13. O-O f6 14. Nd3 Bc4
15. Rf3 e5 16. Ba3 Re8 17. Nc5 exd4 18. cxd4 f5 19. e5 Bd5 20. Nxb7 Bxf3 21.
Bxf3 Qd7 22. Nd6 Re6 23. Rc1 Nd5 24. Qa4 Rd8 25. Rxc6 Nb6 26. Qb3 Bf8 27. Rxb6
axb6 28. Bd5 Qc7 29. Bxe6+ Kg7 30. Qc4 Qb8 31. Bb4 b5 32. Qc6 Qa8 33. Qc5 Qb8
34. Qd5 Qc7 35. Qc5 Qb8 36. Bb3 Bxd6 37. exd6 Rc8 38. Qe5+ Kh6 39. d7 Rc1+ 40.
Kg2 Qa8+ 41. Qd5 Qd8 42. Bf8+ 1-0

[Event "Madrid ch Veteranos 2010-2011"]
[Site "Madrid ESP"]
[Date "2011.02.14"]
[Round "6.2"]
[White "Ciuro Munoz, Ricardo"]
[Black "Pastor Alonso De Prado, Emilio Alberto"]
[Result "0-1"]
[WhiteElo "2169"]
[BlackElo "2176"]
[PlyCount "84"]
[EventDate "2011.02.07"]
[EventType "swiss"]
[EventRounds "9"]
[EventCountry "ESP"]
[Source "lmi"]
[SourceDate "2011.02.07"]

1. e4 e5 2. Nf3 Nc6 3. Bb5 f5 4. Qe2 fxe4 5. Bxc6 bxc6 6. Qxe4 Bd6 7. O-O Nf6
8. Qc4 Rb8 9. a3 e4 10. Re1 Kf8 11. Ng5 Bxh2+ 12. Kxh2 Ng4+ 13. Kg1 Qxg5 14.
Qxe4 Kf7 15. d3 d5 16. Qf3+ Qf5 17. Qg3 Re8 18. Rxe8 Kxe8 19. f3 Qe5 20. Bf4
Qxb2 21. Qe1+ Kf7 22. Nc3 Qb6+ 23. Kf1 Qd4 24. g3 g5 25. Bxg5 Nh2+ 26. Kg2 Nxf3
27. Qe7+ Kg6 28. Kxf3 Qg4+ 29. Kf2 Qxg5 30. Qe8+ Kg7 31. Re1 Qf6+ 32. Kg1 Kh6
33. Re2 Qd6 34. Qe3+ Kg6 35. Rh2 Kg7 36. Qxa7 Rb6 37. Qa5 Bg4 38. Ne2 Rb1+ 39.
Kf2 Bxe2 40. Kxe2 Qxg3 41. Rf2 Qe5+ 42. Kd2 Qe1# 0-1

[Event "Madrid ch Veteranos 2010-2011"]
[Site "Madrid ESP"]
[Date "2011.02.14"]
[Round "6.3"]
[White "Moragrega Herrero, Juan Jose"]
[Black "Camarero Izquierdo, Juan Carlos"]
[Result "1-0"]
[WhiteElo "1970"]
[BlackElo "1939"]
[PlyCount "105"]
[EventDate "2011.02.07"]
[EventType "swiss"]
[EventRounds "9"]
[EventCountry "ESP"]
[Source "lmi"]
[SourceDate "2011.02.07"]

1. c4 f5 2. g3 Nf6 3. Bg2 e5 4. d3 Bc5 5. e3 O-O 6. a3 a5 7. Nc3 c6 8. d4 Bd6
9. Nge2 e4 10. b3 Bc7 11. d5 Be5 12. Bb2 Na6 13. Na4 Ng4 14. h3 Bxb2 15. Nxb2
Ne5 16. Qd4 d6 17. Rd1 Nc5 18. Nc1 Rf6 19. Qc3 cxd5 20. Rxd5 Qe7 21. O-O Be6
22. Rxc5 Nf3+ 23. Bxf3 exf3 24. Rd5 Rh6 25. Qd4 Rxh3 26. Qf4 Bxd5 27. cxd5 Qe4
28. Nc4 Rf8 29. Nd2 Qxd5 30. Nxf3 b5 31. Kg2 Rh5 32. Qd4 Qc6 33. Rd1 Rc8 34.
Ne2 Rh6 35. Qd5+ Kf8 36. Qxc6 Rxc6 37. Ned4 Rc5 38. Ng5 Re5 39. Rc1 Ke8 40.
Rc8+ Kd7 41. Ra8 b4 42. axb4 axb4 43. Nf7 Rhe6 44. Ra7+ Kc8 45. Nxe5 Rxe5 46.
Rxg7 h5 47. Rf7 f4 48. Rxf4 Kb7 49. Rf5 Kb6 50. Rxe5 dxe5 51. Nf3 e4 52. Nd4
Kc5 53. Kh3 1-0

[Event "Madrid ch Veteranos 2010-2011"]
[Site "Madrid ESP"]
[Date "2011.02.14"]
[Round "6.5"]
[White "Rodriguez Perez, Rene"]
[Black "Garcia Gonzalez, Pedro A"]
[Result "0-1"]
[WhiteElo "2022"]
[BlackElo "1879"]
[PlyCount "93"]
[EventDate "2011.02.07"]
[EventType "swiss"]
[EventRounds "9"]
[EventCountry "ESP"]
[Source "lmi"]
[SourceDate "2011.02.07"]

1. e4 e5 2. Nf3 Nc6 3. Bb5 a6 4. Bxc6 dxc6 5. O-O Bg4 6. h3 h5 7. d3 Qf6 8.
Nbd2 Ne7 9. Re1 Ng6 10. d4 Bd6 11. c3 Nf4 12. Nc4 O-O-O 13. Bxf4 Qxf4 14. Qd2
Bxf3 15. Qxf4 exf4 16. gxf3 Rhe8 17. Kf1 Bf8 18. Rad1 g5 19. Ne5 Re7 20. Nd3
Bh6 21. e5 Rg8 22. Nc5 g4 23. hxg4 hxg4 24. fxg4 Rxg4 25. f3 Rh4 26. Kg2 Re8
27. Rh1 Rg8+ 28. Kf2 Bg5 29. Ne4 Be7 30. Rdg1 Rgh8 31. Rxh4 Rxh4 32. Kg2 Kd7
33. Rh1 Rxh1 34. Kxh1 Ke6 35. Kg2 Kd5 36. Kh3 c5 37. Kg4 cxd4 38. Kxf4 dxc3 39.
Nxc3+ Kd4 40. Kf5 c5 41. Ne4 b5 42. Nd6 c4 43. Nxf7 b4 44. Ke6 Bc5 45. Nd6 c3
46. bxc3+ bxc3 47. f4 0-1

[Event "Madrid ch Veteranos 2010-2011"]
[Site "Madrid ESP"]
[Date "2011.02.14"]
[Round "6.6"]
[White "Ortega Morales, Pedro"]
[Black "Lopez Heras, Arturo"]
[Result "0-1"]
[WhiteElo "1819"]
[BlackElo "2021"]
[PlyCount "33"]
[EventDate "2011.02.07"]
[EventType "swiss"]
[EventRounds "9"]
[EventCountry "ESP"]
[Source "lmi"]
[SourceDate "2011.02.07"]

1. d4 Nf6 2. Bf4 c5 3. e3 Qb6 4. Nc3 a6 5. Rb1 cxd4 6. exd4 g6 7. Be2 Bg7 8.
Nf3 d6 9. O-O O-O 10. h3 Bf5 11. Nh4 Be4 12. Be3 Qa5 13. Qd2 Bc6 14. a4 Qb4 15.
b3 Nbd7 16. Rfd1 Rac8 17. Nd5 0-1

[Event "Madrid ch Veteranos 2010-2011"]
[Site "Madrid ESP"]
[Date "2011.02.14"]
[Round "6.7"]
[White "Fernandez Garcia, Ignacio"]
[Black "Leniz Martinez, Francisco"]
[Result "1/2-1/2"]
[WhiteElo "1931"]
[BlackElo "1828"]
[PlyCount "66"]
[EventDate "2011.02.07"]
[EventType "swiss"]
[EventRounds "9"]
[EventCountry "ESP"]
[Source "lmi"]
[SourceDate "2011.02.07"]

1. d4 d5 2. Nf3 Nf6 3. Nbd2 Bf5 4. e3 e6 5. Bd3 Bd6 6. O-O O-O 7. Re1 c6 8. e4
dxe4 9. Nxe4 Nxe4 10. Bxe4 Nd7 11. Bxf5 exf5 12. Qd3 g6 13. Bh6 Re8 14. Rxe8+
Qxe8 15. Re1 Qb8 16. Qb3 Qc7 17. g3 Qb6 18. Qe3 Qd8 19. Ng5 Qf6 20. Nf3 Qd8 21.
Qb3 Qb6 22. Qe3 Qd8 23. h4 Nf8 24. Ng5 Qf6 25. Qb3 Rb8 26. Qe3 Ne6 27. Nxe6 Re8
28. Qb3 Rxe6 29. Rxe6 Qxe6 30. Qxb7 Qe1+ 31. Kg2 Qe4+ 32. Kh2 Bxg3+ 33. fxg3
Qe2+ 1/2-1/2

[Event "Madrid ch Veteranos 2010-2011"]
[Site "Madrid ESP"]
[Date "2011.02.14"]
[Round "6.8"]
[White "Galan Aguado, Fernando"]
[Black "De Paz Nistal, Santiago"]
[Result "1/2-1/2"]
[WhiteElo "1841"]
[BlackElo "2025"]
[PlyCount "30"]
[EventDate "2011.02.07"]
[EventType "swiss"]
[EventRounds "9"]
[EventCountry "ESP"]
[Source "lmi"]
[SourceDate "2011.02.07"]

1. d4 Nf6 2. Nf3 e6 3. e3 b6 4. Bd3 Bb7 5. Nbd2 d5 6. O-O Be7 7. b3 Nbd7 8. Bb2
c5 9. Ne5 Nxe5 10. dxe5 Nd7 11. f4 O-O 12. Bxh7+ Kxh7 13. Qh5+ Kg8 14. Rf3 f5
15. Rh3 Qe8 1/2-1/2

[Event "Madrid ch Veteranos 2010-2011"]
[Site "Madrid ESP"]
[Date "2011.02.14"]
[Round "6.9"]
[White "Fuentes Arjona, Antonio"]
[Black "Pardo Robles, Jose Manuel"]
[Result "1-0"]
[WhiteElo "2006"]
[BlackElo "1865"]
[PlyCount "54"]
[EventDate "2011.02.07"]
[EventType "swiss"]
[EventRounds "9"]
[EventCountry "ESP"]
[Source "lmi"]
[SourceDate "2011.02.07"]

1. e4 c5 2. Nf3 e6 3. d4 cxd4 4. Nxd4 Nf6 5. Bd3 d6 6. c4 Nc6 7. Nxc6 bxc6 8.
Nc3 Be7 9. O-O e5 10. h3 O-O 11. Re1 Be6 12. b3 Qc7 13. Bb2 Nd7 14. Qd2 Nc5 15.
Bc2 f5 16. exf5 Bxf5 17. Bxf5 Rxf5 18. Nd5 Qd7 19. Nxe7+ Qxe7 20. Rad1 Nb7 21.
Qe3 Qg5 22. Qe4 Qf4 23. Qxf4 Rxf4 24. c5 dxc5 25. Rxe5 Rf7 26. Re6 Kf8 27. Ba3
Re8 1-0

[Event "Madrid ch Veteranos 2010-2011"]
[Site "Madrid ESP"]
[Date "2011.02.14"]
[Round "6.10"]
[White "Martinez Miura, Enrique"]
[Black "Perez Cameselle, Francisco"]
[Result "1/2-1/2"]
[WhiteElo "1691"]
[BlackElo "1904"]
[PlyCount "85"]
[EventDate "2011.02.07"]
[EventType "swiss"]
[EventRounds "9"]
[EventCountry "ESP"]
[Source "lmi"]
[SourceDate "2011.02.07"]

1. Nf3 Nf6 2. d4 g6 3. c4 c5 4. e3 Bg7 5. Nc3 O-O 6. Be2 cxd4 7. exd4 d5 8. c5
Nc6 9. O-O Ne4 10. h3 b6 11. Bb5 Bb7 12. Bxc6 Bxc6 13. cxb6 Qxb6 14. Ne5 Rac8
15. Nxc6 Qxc6 16. Nxe4 dxe4 17. Be3 Qd7 18. Qd2 Rfd8 19. Rfd1 Qa4 20. b3 Qb5
21. Rac1 h5 22. Rxc8 Rxc8 23. Rc1 Rxc1+ 24. Qxc1 Qd7 25. Qc4 e6 26. b4 Qd5 27.
Qc8+ Kh7 28. Qa6 Bxd4 29. Bxd4 Qxd4 30. b5 Qd1+ 31. Kh2 Qd4 32. Kg1 e3 33. fxe3
Qxe3+ 34. Kh2 Kg7 35. a4 h4 36. Qd6 e5 37. Qc7 Qf4+ 38. Kh1 Qxa4 39. Qxe5+ Kh7
40. Qd5 Kg7 41. Qe5+ Kh7 42. Qd5 Kg7 43. Qe5+ 1/2-1/2

[Event "Madrid ch Veteranos 2010-2011"]
[Site "Madrid ESP"]
[Date "2011.02.15"]
[Round "7.1"]
[White "Pastor Alonso De Prado, Emilio Alberto"]
[Black "Ortiz Herranz, Eleazar"]
[Result "1-0"]
[WhiteElo "2176"]
[BlackElo "2243"]
[PlyCount "111"]
[EventDate "2011.02.07"]
[EventType "swiss"]
[EventRounds "9"]
[EventCountry "ESP"]
[Source "lmi"]
[SourceDate "2011.02.07"]

1. e4 g6 2. d4 Bg7 3. Nf3 d6 4. Be2 Nf6 5. Nc3 O-O 6. O-O c6 7. h3 b5 8. e5 Ne8
9. Bf4 d5 10. Qd2 Nd7 11. a4 b4 12. Nd1 a5 13. c4 dxc4 14. Bxc4 Nb6 15. Ne3 Nc7
16. Rac1 Nxc4 17. Nxc4 Ne6 18. Be3 Bb7 19. Ng5 Nxg5 20. Bxg5 f6 21. Bf4 Rc8 22.
Rfd1 Ba6 23. Qe3 Kh8 24. h4 Ra8 25. Nd2 Bc8 26. e6 Qd5 27. Re1 Ra6 28. Rc5 Qd8
29. Nf3 Kg8 30. Qd3 Ra8 31. Qe3 Ba6 32. b3 Qb6 33. d5 cxd5 34. Bc7 Qb7 35. Bxa5
Rac8 36. Rec1 Rxc5 37. Qxc5 Rc8 38. Qxc8+ Qxc8 39. Rxc8+ Bxc8 40. Bxb4 Kf8 41.
a5 f5 42. Bc5 Ke8 43. Kf1 Ba6+ 44. Kg1 Kd8 45. Bd4 Bh6 46. Bb6+ Kc8 47. Nd4 Bf4
48. Bc5 Bd2 49. Nc6 Kc7 50. Nxe7 Bb5 51. b4 Bc4 52. a6 d4 53. a7 Kb7 54. Nc6
Bb5 55. Nxd4 Be8 56. Kf1 1-0

[Event "Madrid ch Veteranos 2010-2011"]
[Site "Madrid ESP"]
[Date "2011.02.15"]
[Round "7.2"]
[White "Moragrega Herrero, Juan Jose"]
[Black "Casares Ripol, Fernando"]
[Result "0-1"]
[WhiteElo "1970"]
[BlackElo "2109"]
[PlyCount "76"]
[EventDate "2011.02.07"]
[EventType "swiss"]
[EventRounds "9"]
[EventCountry "ESP"]
[Source "lmi"]
[SourceDate "2011.02.07"]

1. c4 e5 2. g3 g6 3. d3 Bg7 4. Nc3 f5 5. e4 d6 6. Bg2 c6 7. Nge2 Nf6 8. O-O O-O
9. f3 Be6 10. Be3 Na6 11. b3 d5 12. Bg5 h6 13. Bxf6 Bxf6 14. Rc1 dxc4 15. dxc4
Qb6+ 16. Kh1 Rad8 17. Qc2 Nb4 18. Qb1 Nd3 19. Rc2 Nf2+ 20. Rxf2 Qxf2 21. Nf4
Rd2 22. Rxd2 Qxd2 23. Nxe6 Re8 24. Nc7 Rc8 25. N7d5 cxd5 26. Nxd5 Rf8 27. h4 f4
28. gxf4 exf4 29. e5 Bxe5 30. Qxg6+ Bg7 31. Ne7+ Kh8 32. Qe4 Rd8 33. Ng6+ Kg8
34. Ne7+ Kf7 35. Nd5 Re8 36. Qf5+ Kg8 37. Kh2 Qe1 38. Nf6+ Bxf6 0-1

[Event "Madrid ch Veteranos 2010-2011"]
[Site "Madrid ESP"]
[Date "2011.02.15"]
[Round "7.3"]
[White "Lopez Heras, Arturo"]
[Black "Estrada Martinez, Cesar"]
[Result "0-1"]
[WhiteElo "2021"]
[BlackElo "2167"]
[PlyCount "37"]
[EventDate "2011.02.07"]
[EventType "swiss"]
[EventRounds "9"]
[EventCountry "ESP"]
[Source "lmi"]
[SourceDate "2011.02.07"]

1. e4 d6 2. d4 g6 3. Be3 Bg7 4. Nc3 Nf6 5. f3 O-O 6. Qd2 Nc6 7. Bc4 e5 8. Nge2
exd4 9. Nxd4 Nxd4 10. Bxd4 Be6 11. Bb3 c5 12. Bxe6 cxd4 13. Bxf7+ Rxf7 14. Qxd4
Nxe4 15. Qb4 Nxc3 16. bxc3 Rc8 17. O-O-O Bxc3 18. Qxd6 Qg5+ 19. f4 0-1

[Event "Madrid ch Veteranos 2010-2011"]
[Site "Madrid ESP"]
[Date "2011.02.15"]
[Round "7.4"]
[White "Garcia Gonzalez, Pedro A"]
[Black "Fuentes Arjona, Antonio"]
[Result "0-1"]
[WhiteElo "1879"]
[BlackElo "2006"]
[PlyCount "52"]
[EventDate "2011.02.07"]
[EventType "swiss"]
[EventRounds "9"]
[EventCountry "ESP"]
[Source "lmi"]
[SourceDate "2011.02.07"]

1. d4 Nf6 2. Nf3 d5 3. e3 c5 4. c3 e6 5. Bd3 Nbd7 6. Nbd2 Bd6 7. O-O e5 8. e4
dxe4 9. Nxe4 Nxe4 10. Bxe4 exd4 11. Re1 O-O 12. Bxh7+ Kxh7 13. Ng5+ Kg8 14. Qh5
Nf6 15. Qh4 Bf5 16. cxd4 cxd4 17. Bd2 Nh7 18. Re2 Nxg5 19. Bxg5 Qd7 20. Rd1
Rfe8 21. Rxe8+ Rxe8 22. Bc1 Qe7 23. Qxe7 Rxe7 24. Kf1 Bc5 25. a3 Bc2 26. Rd2 d3
0-1

[Event "Madrid ch Veteranos 2010-2011"]
[Site "Madrid ESP"]
[Date "2011.02.15"]
[Round "7.5"]
[White "Leniz Martinez, Francisco"]
[Black "Ciuro Munoz, Ricardo"]
[Result "0-1"]
[WhiteElo "1828"]
[BlackElo "2169"]
[PlyCount "58"]
[EventDate "2011.02.07"]
[EventType "swiss"]
[EventRounds "9"]
[EventCountry "ESP"]
[Source "lmi"]
[SourceDate "2011.02.07"]

1. Nf3 d5 2. d4 e6 3. Bf4 c5 4. dxc5 Bxc5 5. c3 Qb6 6. Qd2 Bxf2+ 7. Kd1 Bc5 8.
e3 Nf6 9. b4 Bd6 10. Bxd6 Qxd6 11. Bd3 Bd7 12. a4 e5 13. Bc2 Nc6 14. Na3 a6 15.
Ke2 e4 16. Nd4 Bg4+ 17. Kf2 Bd7 18. Raf1 Ne5 19. Ra1 O-O 20. h3 Rac8 21. Ne2
Qc7 22. Rac1 Rcd8 23. Nd4 Nh5 24. Ne2 Be6 25. Qd1 f5 26. Rf1 f4 27. Nd4 Qxc3
28. exf4 Nxf4 29. Kg1 Qxd4+ 0-1

[Event "Madrid ch Veteranos 2010-2011"]
[Site "Madrid ESP"]
[Date "2011.02.15"]
[Round "7.6"]
[White "Camarero Izquierdo, Juan Carlos"]
[Black "Lastras Hernandez, Tomas"]
[Result "1-0"]
[WhiteElo "1939"]
[BlackElo "1881"]
[PlyCount "74"]
[EventDate "2011.02.07"]
[EventType "swiss"]
[EventRounds "9"]
[EventCountry "ESP"]
[Source "lmi"]
[SourceDate "2011.02.07"]

1. e4 c5 2. Nf3 Nc6 3. d4 cxd4 4. Nxd4 Nf6 5. Nc3 a6 6. Be3 d6 7. f3 g6 8. Qd2
Bg7 9. O-O-O O-O 10. h4 Bd7 11. g4 h5 12. gxh5 Nxh5 13. Bh3 Bxh3 14. Rxh3 Qd7
15. Rhh1 Ne5 16. Nd5 Nc4 17. Qe2 Nxe3 18. Qxe3 Kh7 19. Kb1 Qd8 20. f4 Bh6 21.
Nf3 f6 22. Nd4 Rg8 23. Ne6 Qd7 24. Qh3 Rgd8 25. f5 Ng7 26. Qg4 gxf5 27. exf5
Qe8 28. Nec7 Qf7 29. Nxa8 Rxa8 30. h5 Ne6 31. fxe6 Qg7 32. Qf5+ Kh8 33. Rhg1
Bg5 34. h6 Qh7 35. Qf3 Rb8 36. Qc3 Qf5 37. Qc7 Re8 1-0

[Event "Madrid ch Veteranos 2010-2011"]
[Site "Madrid ESP"]
[Date "2011.02.15"]
[Round "7.7"]
[White "Minguela Munoz, Bienvenido"]
[Black "Fernandez Garcia, Ignacio"]
[Result "1-0"]
[WhiteElo "1902"]
[BlackElo "1931"]
[PlyCount "123"]
[EventDate "2011.02.07"]
[EventType "swiss"]
[EventRounds "9"]
[EventCountry "ESP"]
[Source "lmi"]
[SourceDate "2011.02.07"]

1. d4 d6 2. c4 Nd7 3. Nc3 c5 4. d5 Ne5 5. e4 Nf6 6. f4 Bg4 7. Qb3 Ng6 8. h3 Bc8
9. Nf3 e6 10. g4 Be7 11. Be3 Nd7 12. O-O-O e5 13. f5 Nf4 14. h4 a6 15. Bxf4
exf4 16. g5 f6 17. Rg1 O-O 18. e5 Nxe5 19. Nxe5 dxe5 20. g6 Bxf5 21. gxh7+ Kxh7
22. d6 Bxd6 23. Qxb7 Qe7 24. Qg2 Rab8 25. Rxd6 Rf7 26. Rd2 e4 27. Rd5 Qe6 28.
Qh2 Rfb7 29. b3 Kg8 30. Qxf4 Bh7 31. Rg3 Qb6 32. Qd6 Qa5 33. Qxc5 Qxc5 34. Rxc5
f5 35. Nd5 Rf8 36. Nf4 Rb6 37. Rc7 Rf7 38. Rxf7 Kxf7 39. h5 Rb7 40. Kc2 Kf6 41.
Kc3 Ke5 42. Ng6+ Bxg6 43. Rxg6 Rd7 44. c5 Rd1 45. Bxa6 f4 46. c6 f3 47. Rxg7
Rc1+ 48. Kd2 Rxc6 49. Rg6 Rc7 50. Bc4 Kf4 51. Rd6 e3+ 52. Ke1 Rg7 53. Rf6+ Ke4
54. Bd5+ Kxd5 55. Rxf3 Ke4 56. h6 Rc7 57. Rf8 Rc1+ 58. Ke2 Rc2+ 59. Kd1 Rxa2
60. h7 Ra1+ 61. Kc2 e2 62. Re8+ 1-0

[Event "Madrid ch Veteranos 2010-2011"]
[Site "Madrid ESP"]
[Date "2011.02.15"]
[Round "7.8"]
[White "De Paz Nistal, Santiago"]
[Black "Osorio Ramos, Francisco"]
[Result "1/2-1/2"]
[WhiteElo "2025"]
[BlackElo "1876"]
[PlyCount "80"]
[EventDate "2011.02.07"]
[EventType "swiss"]
[EventRounds "9"]
[EventCountry "ESP"]
[Source "lmi"]
[SourceDate "2011.02.07"]

1. e4 c5 2. Nc3 Nc6 3. g3 g6 4. Bg2 Bg7 5. d3 d6 6. Be3 h5 7. Nf3 Nd4 8. h3 a6
9. O-O e5 10. Nd5 Be6 11. Kh2 Bxd5 12. exd5 Ne7 13. Ng1 Ndf5 14. Bd2 Qd7 15.
Ne2 O-O-O 16. Rb1 Bh6 17. b4 Bxd2 18. Qxd2 Rdg8 19. c4 Kd8 20. bxc5 dxc5 21.
Qb2 Nd6 22. Qxe5 Nef5 23. Rb2 Re8 24. Qf6+ Qe7 25. Qxe7+ Rxe7 26. Nc3 Rc7 27.
Re1 Re8 28. Rxe8+ Nxe8 29. Be4 Nf6 30. a4 Nd6 31. Bf3 Re7 32. a5 Nd7 33. Kg2 f5
34. Kf1 Ne5 35. Be2 Kc7 36. f4 Nd7 37. Na4 Re8 38. Kf2 Re7 39. Bf1 Re8 40. Kg2
Re7 1/2-1/2

[Event "Madrid ch Veteranos 2010-2011"]
[Site "Madrid ESP"]
[Date "2011.02.15"]
[Round "7.9"]
[White "Cabanas Bravo, Juan Andres"]
[Black "Galan Aguado, Fernando"]
[Result "1-0"]
[WhiteElo "2059"]
[BlackElo "1841"]
[PlyCount "85"]
[EventDate "2011.02.07"]
[EventType "swiss"]
[EventRounds "9"]
[EventCountry "ESP"]
[Source "lmi"]
[SourceDate "2011.02.07"]

1. e4 e6 2. d4 d5 3. Nc3 dxe4 4. Nxe4 Bd7 5. Nf3 Bc6 6. Bd3 Nd7 7. O-O Ngf6 8.
Ng3 Bd6 9. c4 O-O 10. Bd2 Bxf3 11. Qxf3 c6 12. Bc3 Qc7 13. Rac1 a5 14. a3 Bf4
15. Rc2 Bg5 16. Re1 Qf4 17. Qd1 Qb8 18. Rce2 Qc7 19. Bb1 Rad8 20. Qc2 g6 21.
Qa4 Ra8 22. Ba2 Rfb8 23. Qd1 b5 24. d5 exd5 25. cxd5 c5 26. d6 Qb6 27. Re7 Rf8
28. Rxd7 Nxd7 29. Ne4 Bd8 30. Bd5 Ra6 31. f4 b4 32. Be5 bxa3 33. bxa3 Nxe5 34.
fxe5 Re8 35. Rf1 Ra7 36. Qa1 c4+ 37. Kh1 Qe3 38. Rf3 Qe2 39. h3 Bh4 40. Qd4
Rea8 41. Bxa8 Rxa8 42. Qd5 Rf8 43. e6 1-0

[Event "Madrid ch Veteranos 2010-2011"]
[Site "Madrid ESP"]
[Date "2011.02.15"]
[Round "7.10"]
[White "Sanchez Rodenas, Antonio"]
[Black "Rodriguez Perez, Rene"]
[Result "0-1"]
[WhiteElo "1769"]
[BlackElo "2022"]
[PlyCount "56"]
[EventDate "2011.02.07"]
[EventType "swiss"]
[EventRounds "9"]
[EventCountry "ESP"]
[Source "lmi"]
[SourceDate "2011.02.07"]

1. d4 d5 2. c4 c6 3. Nc3 e6 4. Nf3 f5 5. g3 Nf6 6. Bg2 Be7 7. O-O O-O 8. cxd5
exd5 9. Bf4 Nbd7 10. a3 Ne4 11. Qc2 Bf6 12. b4 g5 13. Be5 g4 14. Bxf6 Qxf6 15.
Nd2 Qxd4 16. Ncxe4 fxe4 17. e3 Qf6 18. Nb3 Ne5 19. Nd4 Nf3+ 20. Bxf3 exf3 21.
Rfd1 Re8 22. h4 Re5 23. Nb3 Rh5 24. Qd3 Bf5 25. Qd4 Qh6 26. Qf4 Qxf4 27. exf4
Bc2 28. Re1 Bxb3 0-1

[Event "Madrid ch Veteranos 2010-2011"]
[Site "Madrid ESP"]
[Date "2011.02.16"]
[Round "8.1"]
[White "Estrada Martinez, Cesar"]
[Black "Pastor Alonso De Prado, Emilio Alberto"]
[Result "1/2-1/2"]
[WhiteElo "2167"]
[BlackElo "2176"]
[PlyCount "33"]
[EventDate "2011.02.07"]
[EventType "swiss"]
[EventRounds "9"]
[EventCountry "ESP"]
[Source "lmi"]
[SourceDate "2011.02.07"]

1. d4 d5 2. Nf3 Nf6 3. g3 Bg4 4. Bg2 c6 5. Ne5 Bh5 6. Nd2 e6 7. O-O Nbd7 8. Nd3
Bd6 9. Nf3 O-O 10. Bf4 Bxf4 11. Nxf4 Bxf3 12. Bxf3 e5 13. dxe5 Nxe5 14. Bg2
Nfd7 15. e4 dxe4 16. Bxe4 Nf6 17. Bg2 1/2-1/2

[Event "Madrid ch Veteranos 2010-2011"]
[Site "Madrid ESP"]
[Date "2011.02.16"]
[Round "8.2"]
[White "Casares Ripol, Fernando"]
[Black "Ortiz Herranz, Eleazar"]
[Result "0-1"]
[WhiteElo "2109"]
[BlackElo "2243"]
[PlyCount "72"]
[EventDate "2011.02.07"]
[EventType "swiss"]
[EventRounds "9"]
[EventCountry "ESP"]
[Source "lmi"]
[SourceDate "2011.02.07"]

1. e4 c5 2. d4 cxd4 3. Nf3 d6 4. Nxd4 Nf6 5. Nc3 a6 6. Bg5 e6 7. f4 Be7 8. Qf3
h6 9. Bh4 g5 10. fxg5 Nfd7 11. Nxe6 fxe6 12. Qh5+ Kf8 13. Bd3 Ne5 14. Bg3 Nbc6
15. gxh6 Bd7 16. O-O+ Kg8 17. Bxe5 Nxe5 18. Rf7 Rh7 19. Rxh7 Kxh7 20. Rf1 Qb6+
21. Kh1 Rf8 22. Rg1 Qe3 23. Qe2 Qxh6 24. Nd1 Be8 25. Ne3 Bg5 26. Nc4 Nxc4 27.
Bxc4 Be3 28. Rf1 Rxf1+ 29. Qxf1 Bf4 30. h3 Be5 31. Bd3 Kg7 32. b3 Qh4 33. Qf3
Qh5 34. g4 Qh4 35. Kg2 Qe1 36. a4 Bd4 0-1

[Event "Madrid ch Veteranos 2010-2011"]
[Site "Madrid ESP"]
[Date "2011.02.16"]
[Round "8.3"]
[White "Ciuro Munoz, Ricardo"]
[Black "Moragrega Herrero, Juan Jose"]
[Result "1-0"]
[WhiteElo "2169"]
[BlackElo "1970"]
[PlyCount "79"]
[EventDate "2011.02.07"]
[EventType "swiss"]
[EventRounds "9"]
[EventCountry "ESP"]
[Source "lmi"]
[SourceDate "2011.02.07"]

1. e4 e6 2. d4 d5 3. Nd2 f5 4. exf5 exf5 5. Ngf3 Nf6 6. Bb5+ c6 7. Bd3 Bd6 8.
O-O O-O 9. Ne5 Ne4 10. c4 Qc7 11. f4 Nd7 12. cxd5 cxd5 13. Qb3 Ndf6 14. Nxe4
fxe4 15. Bxe4 Be6 16. Bd3 Bxe5 17. fxe5 Nd7 18. Bd2 a6 19. Rxf8+ Rxf8 20. Rc1
Qb8 21. Be2 Qa7 22. Be3 b5 23. Rc6 Re8 24. Bf3 Nb6 25. Qc3 Rc8 26. Rxc8+ Bxc8
27. Bxd5+ Nxd5 28. Qxc8+ Kf7 29. Qf5+ Kg8 30. Bf2 Qc7 31. Qe6+ Qf7 32. Qc8+ Qf8
33. Qxa6 Qe8 34. Qd6 Nf4 35. Be3 Ng6 36. e6 Qa8 37. Qd7 Qf8 38. Qxb5 Ne7 39. d5
Qd8 40. Bg5 1-0

[Event "Madrid ch Veteranos 2010-2011"]
[Site "Madrid ESP"]
[Date "2011.02.16"]
[Round "8.4"]
[White "Fuentes Arjona, Antonio"]
[Black "Camarero Izquierdo, Juan Carlos"]
[Result "1/2-1/2"]
[WhiteElo "2006"]
[BlackElo "1939"]
[PlyCount "45"]
[EventDate "2011.02.07"]
[EventType "swiss"]
[EventRounds "9"]
[EventCountry "ESP"]
[Source "lmi"]
[SourceDate "2011.02.07"]

1. e4 c5 2. Nf3 d6 3. d4 cxd4 4. Nxd4 Nf6 5. Nc3 g6 6. Be2 Bg7 7. Be3 O-O 8.
Qd2 Nc6 9. O-O Ne5 10. f3 Bd7 11. Nd5 Rc8 12. b3 e6 13. Nxf6+ Bxf6 14. c4 g5
15. f4 gxf4 16. Bxf4 Nc6 17. Be3 Nxd4 18. Bxd4 Bxd4+ 19. Qxd4 Qb6 20. Qxb6 axb6
21. Rad1 Rc6 22. Rd2 Ra8 23. e5 1/2-1/2